[Event "European Blitz-ch 2018"]
[Site "Skopje"]
[Date "2018.12.06"]
[Round "5"]
[White "Bosiocic, Marin"]
[Black "Jovic, Stanoje"]
[Result "1/2-1/2"]
[WhiteElo "2599"]
[BlackElo "2240"]
[Annotator "TA"]
[PlyCount "80"]
[EventDate "2018.12.06"]
[EventType "swiss"]
[EventCountry "MKD"]

{[%evp 19,80,23,40,6,9,-4,12,5,11,12,8,-32,-41,-88,-71,-94,-49,-94,-101,-94,-95,-105,-93,-64,-65,-84,-39,-48,-46,-65,-46,-47,-33,-49,-33,-152,-152,-152,-152,-156,-65,-65,-65,-65,-65,-65,-65,-65,-65,-65,-19,-20,-20,-50,-50,-82,-20,-63,-63,-130,-130,-130,-18]} 1. e4 c6 2. d4 d5 3. e5 c5 4. dxc5 e6 5. a3 (5. Nf3 Bxc5 6. a3 Nd7 7. Bd3 f6 8. b4 Be7 9. Bb2 fxe5 10. Nxe5 Nxe5 11. Bxe5 Bf6 12. O-O Nh6 13. Bxf6 Qxf6 {1-0 (70) Jakovenko,D (2735)-Fedoseev,V (2706) Poikovsky 2018}) 5... Bxc5 6. b4 {B12: Caro-Kann: Advance Variation} Bb6 7. Nf3 Ne7 {[%cal Bg8e7,Be7g6,Bg6f4,Bf4d3][%mdl 32]} 8. Bb2 Nbc6 9. Bd3 Ng6 10. O-O O-O {LiveBook: 14 Games} 11. Nbd2 Nf4 12. Nb3 a5 {[%cal Ba7a5,Ba5a4][%mdl 32]} 13. b5 $146 a4 14. bxc6 axb3 15. cxb7 (15. c7 {looks sharper.} Qxc7 16. cxb3 Nxd3 17. Qxd3 Qe7 18. a4) 15... Bxb7 16. Re1 Nxd3 17. cxd3 Rb8 18. Qxb3 d4 $1 {And now ...Bxf3 would win.} 19. Qd1 Ba5 20. Re2 Bxf3 21. gxf3 Qg5+ 22. Kh1 Bc3 23. Bxc3 dxc3 24. Qc1 Qf5 25. Qe3 Rb2 26. Rc1 Rfb8 27. Rxb2 (27. Rxc3 $15 Rb1+ 28. Re1) 27... cxb2 $15 {[%mdl 4096] Endgame KQR-KQR} 28. Rb1 h6 $1 29. a4 {[#]} Rb3 (29... Rb4 $1 $17 30. f4 Rxa4 31. Rxb2 Rxf4) 30. a5 Rxd3 31. Qe4 $1 Qxe4 32. fxe4 {KR-KR} Ra3 {White must now prevent ...Ra1.} 33. Rxb2 Rxa5 34. f4 Ra4 35. Re2 g5 36. fxg5 hxg5 37. Kg2 $1 {[#]} Kg7 (37... Ra5 $1 $17) 38. Re3 Kg6 39. Kg3 (39. Kf3 $1 $15) 39... Ra5 $17 40. Rb3 Ra1 {Accuracy: White = 38%, Black = 50%.} (40... Rxe5 $17 41. Kf3 Ra5) 1/2-1/2

[Event "European Blitz-ch 2018"]
[Site "Skopje"]
[Date "2018.12.06"]
[Round "5"]
[White "Stocek, Jiri"]
[Black "Georgiev, Kiril"]
[Result "1/2-1/2"]
[WhiteElo "2576"]
[BlackElo "2595"]
[Annotator "TA"]
[PlyCount "159"]
[EventDate "2018.12.06"]
[EventType "swiss"]
[EventCountry "MKD"]

{[%evp 19,159,25,14,25,25,0,19,0,0,0,0,0,2,0,0,0,0,0,54,19,22,-7,21,18,18,18,16,9,22,4,6,8,8,12,12,8,6,0,0,0,0,0,0,0,0,0,0,0,8,8,8,-8,-8,-8,-8,-8,-8,-8,-8,-8,-16,-3058,-5065,-2973,-8,-8,-8,-8,-8,-8,0,0,0,-8,0,0,0,-8,0,0,0,0,0,0,0,-8,-8,-8,-8,-8,-8,-8,-8,-8,-8,-8,-8,-8,-8,-8,-8,-8,-8,-8,-8,-8,-8,-8,0,-8,0,-8,0,-8,-8,-8,-8,-8,-8,-8,-8,-8,-8,-8,-8,-8,0,-8,-8,-8,-8,-8,-8,-8,-8,-8,-8,-8,-8,-8,-8,-8]} 1. c4 e5 2. Nc3 Nf6 3. Nf3 Nc6 4. e3 Bb4 5. Qc2 Bxc3 6. Qxc3 Qe7 7. Be2 d5 {A28: English Opening: Four Knights Variation} 8. d4 exd4 9. Nxd4 Nxd4 10. Qxd4 c5 {LiveBook: 12 Games} 11. Qf4 (11. Qh4 dxc4 12. Bxc4 Be6 13. Bb5+ Bd7 14. Bd3 Ng4 15. Qxe7+ Kxe7 {1-0 (61) Vachier Lagrave,M (2789)-Aronian,L (2764) Paris 2018}) 11... O-O 12. O-O dxc4 13. Bxc4 Be6 14. b3 Bxc4 15. Qxc4 Qe5 {[#]} 16. Rb1 $146 Qe4 17. Qxe4 Nxe4 18. f3 Nf6 (18... Nc3 $11 19. Rb2 Rfd8) 19. Kf2 Rfd8 20. Ke2 Rac8 21. Bb2 Nd5 22. Rfd1 f6 23. Rbc1 b6 24. a3 Kf7 25. g3 Ke6 26. e4 Ne7 27. Rxd8 Rxd8 $11 {[%mdl 4096] Endgame KRB-KRN} 28. b4 cxb4 29. axb4 Rc8 30. Rxc8 Nxc8 {KB-KN} 31. Kd3 Nd6 32. f4 g6 {[%cal Bg7g6,Bg6f5][%mdl 32]} 33. g4 f5 34. exf5+ gxf5 35. h3 a5 36. bxa5 bxa5 37. Ba3 Ne4 38. Kd4 Nf2 39. gxf5+ Kxf5 40. Ke3 $2 {[%mdl 8192]} (40. h4 $11) 40... Nxh3 $19 41. Bd6 {[#]} h5 $2 (41... Kg4 $1 $19 {Threatens to win with ...h5.} 42. Kd3 h5) 42. Kf3 $11 {The position is equal.} h4 43. Bc7 a4 {White must now prevent ...a3.} 44. Bd6 Ng1+ 45. Kf2 Nh3+ 46. Kf3 $1 Ke6 47. Ba3 Kf5 48. Bd6 $1 Ng1+ 49. Kf2 Ke6 50. Ba3 Nh3+ {[%mdl 64] [#] Double Attack} 51. Kf3 Kf5 52. Bd6 $1 a3 53. Bxa3 Nxf4 54. Bd6 Ng6 55. Kg2 Kg4 56. Bb8 h3+ 57. Kh1 Nh4 58. Bc7 Nf5 59. Bb8 Nd4 60. Bc7 Nf3 61. Bb8 Kf5 62. Bc7 Ke4 63. Bb8 Kf5 64. Bc7 $1 Kg4 65. Bb8 $1 Nd4 66. Bc7 Ne6 67. Bb8 $1 Ng5 68. Bc7 Ne4 69. Bb8 Kf3 70. Bc7 Nf2+ 71. Kh2 Kg4 72. Bb8 Ne4 73. Bc7 Nc5 74. Bb8 (74. Bf4 $5) 74... Nd7 75. Bc7 (75. Bd6 {is more complex.} Nf6 76. Bb8 Nh7 77. Kg1 Kf5 78. Kh2) 75... Nf6 76. Bb8 Nd5 77. Bd6 Ne3 78. Bb8 Nf1+ 79. Kg1 Nd2 80. Kh1 {Accuracy: White = 72%, Black = 59%.} 1/2-1/2

[Event "European Blitz-ch 2018"]
[Site "Skopje"]
[Date "2018.12.06"]
[Round "5"]
[White "Djukic, Nikola"]
[Black "Radovanovic, Nikola"]
[Result "1-0"]
[WhiteElo "2574"]
[BlackElo "2418"]
[Annotator "TA"]
[PlyCount "89"]
[EventDate "2018.12.06"]
[EventType "swiss"]
[EventCountry "MKD"]

{[%evp 10,89,37,0,0,-18,48,44,50,20,18,18,41,58,53,47,41,39,47,44,71,72,93,50,116,24,130,124,135,134,131,125,410,414,744,740,727,732,876,280,278,222,197,154,355,281,367,353,342,281,346,298,338,347,370,367,350,380,416,428,542,535,563,551,804,769,735,473,471,471,467,461,971,949,774,934,1358,1245,1627,1714,1704,1680]} 1. e4 e5 2. Nf3 Nc6 3. Bb5 Bc5 4. c3 Nf6 5. d4 exd4 6. cxd4 (6. e5 {keeps more tension.} Nd5 7. O-O Be7 8. cxd4 d6 9. exd6 Qxd6 10. Nc3) 6... Bb4+ {C64: Ruy Lopez: Classical Defence (3...Bc5) except 4 0-0 Nf6} 7. Bd2 (7. Kf1 Nxe4 8. d5 Nd6 9. Bxc6 dxc6 10. Qd4 O-O 11. Qxb4 cxd5 12. Bg5 f6 13. Bf4 Nf7 14. Qc3 {½-½ (49) Salov,S (2190)-Singer,H (2213) Hersonissos 2017}) 7... Bxd2+ (7... Nxe4 $11 8. Bxb4 Nxb4) 8. Nbxd2 $14 a6 {White is slightly better.} 9. Bd3 $146 ({Predecessor:} 9. Ba4 b5 10. Bb3 d6 11. O-O Bg4 12. d5 Nd4 13. Re1 Nxf3+ 14. Nxf3 O-O 15. Qd3 Re8 16. Nd4 Qd7 17. f3 Bh5 18. Rac1 h6 {½-½ (18) Almeida,D (1373)-Silva,B (1157) Braga 2013}) 9... d5 10. e5 Nd7 11. O-O O-O 12. Rc1 Re8 13. Re1 $36 {[%mdl 2048] Black is under pressure.} Nf8 14. h3 Be6 15. Nb3 Ne7 16. Nc5 b6 (16... Bc8 $14) 17. Nxe6 ({Better is} 17. Nxa6 $16 c6 18. Qd2) 17... fxe6 (17... Nxe6 $11 18. Qd2 c5) 18. Qc2 $16 Ra7 19. Ng5 {[%cal Rd3h7]} Neg6 20. h4 {[%cal Bh3h4,Bh4g5][%mdl 32]} h6 $2 {[%mdl 8192]} (20... c5 $16) 21. Bxg6 $18 {[#] Bh7+ would kill now.} Nxg6 (21... hxg5 $142 22. Bxe8 Qxe8 23. hxg5 Qf7) 22. Qxg6 {Threatening mate with Qh7+.} hxg5 23. hxg5 Qe7 24. Re3 $2 (24. Qh5 Qf7 25. g6) 24... Qf7 25. Qxf7+ Kxf7 {[%mdl 4096] Endgame KRR-KRR} 26. Rec3 Re7 $2 {[#]} (26... c5 $16 27. dxc5 bxc5 28. Rxc5 Rb8) 27. f4 Ke8 28. g4 g6 29. Rh3 Kd7 30. Rh6 Rg7 31. Kf2 Ra8 32. Ke3 Rf8 33. b4 Rff7 34. Rch1 Kc6 {White is clearly winning.} 35. a4 Kd7 36. Rh8 Kc6 37. Re8 Re7 38. Rhh8 Rxe8 39. Rxe8 {KR-KR} Kd7 40. Rh8 c5 (40... a5 $142 41. bxa5 bxa5) 41. dxc5 bxc5 42. bxc5 Kc6 43. Rc8+ Kb7 44. Re8 Rc7 45. Rxe6 {Accuracy: White = 67%, Black = 33%.} 1-0

[Event "European Blitz-ch 2018"]
[Site "Skopje"]
[Date "2018.12.06"]
[Round "5"]
[White "Saric, Ante"]
[Black "Damljanovic, Branko"]
[Result "1-0"]
[WhiteElo "2533"]
[BlackElo "2495"]
[Annotator "TA"]
[PlyCount "45"]
[EventDate "2018.12.06"]
[EventType "swiss"]
[EventCountry "MKD"]

{[%evp 16,45,42,24,29,33,27,26,43,37,48,37,76,70,72,52,42,37,102,82,88,84,132,139,179,126,159,123,149,114,156,106]} 1. d4 d6 2. Nf3 Nf6 3. c4 g6 4. Nc3 Bg7 5. e4 O-O 6. Be2 e5 7. O-O Nc6 8. dxe5 Nxe5 9. Bf4 {LiveBook: 16 Games. E97: King's Indian: Classical Main Line (6...e5 7 0-0 Nc6): 8 Be3 and 8 d5 Ne7, not 9 Ne1} (9. Nxe5 dxe5 10. Qxd8 Rxd8 11. Be3 c6 12. Rfd1 Re8 13. f3 Bf8 14. Na4 b6 15. b3 Be6 16. Nb2 Nd7 17. Nd3 f6 18. Rac1 Nc5 19. Nxc5 Bxc5 20. Bxc5 bxc5 {½-½ (35) Wojtaszek,R (2736)-Duda,J (2717) Katowice 2017}) 9... Nfd7 10. Qd2 Nc5 $146 ({Predecessor:} 10... Nxf3+ 11. Bxf3 Ne5 12. Be2 Be6 13. b3 Qd7 14. Bh6 Bxh6 15. Qxh6 f5 16. exf5 Rxf5 {½-½ (44) Yevseev,D (2538)-Rozum,I (2451) Peterhof 2009}) 11. Bh6 {White has an edge.} Be6 12. Bxg7 Kxg7 13. b3 a5 14. Nd4 Nc6 15. f4 f6 16. Rae1 Qd7 (16... Nxd4 $14 17. Qxd4 Qe7) 17. Bf3 Rae8 18. Ndb5 Ne7 19. Rd1 Rd8 {[#]} 20. Rfe1 (20. e5 $1 $18 {[%mdl 512]}) 20... Nc8 21. Nd4 c6 22. h3 Qc7 23. Qf2 {Accuracy: White = 75%, Black = 25%.} 1-0

[Event "European Blitz-ch 2018"]
[Site "Skopje"]
[Date "2018.12.06"]
[Round "5"]
[White "Santos Ruiz, Miguel"]
[Black "Demchenko, Anton"]
[Result "1-0"]
[WhiteElo "2523"]
[BlackElo "2679"]
[Annotator "TA"]
[PlyCount "101"]
[EventDate "2018.12.06"]
[EventType "swiss"]
[EventCountry "MKD"]

{[%evp 14,101,64,32,60,38,52,21,41,11,15,0,23,20,18,12,54,47,58,39,59,82,55,60,85,62,64,41,141,108,133,17,26,3,10,0,0,0,0,-25,-26,-40,0,0,19,12,27,14,23,0,142,140,262,262,224,210,223,196,198,34,267,-254,358,342,376,367,495,493,448,377,600,592,525,369,1214,1099,1133,456,29981,422,369,208,1467,515,29995,29996,29998,29997,29997,29998]} 1. c4 Nf6 2. Nc3 g6 3. e4 d6 4. d4 Bg7 5. f3 O-O 6. Be3 Nc6 7. Qd2 a6 8. h4 {LiveBook: 4 Games} h5 {E83: King's Indian: Sämisch Panno (6...Nc6): Lines without either Nge2 or Qd2} 9. Rc1 Bd7 10. Nge2 b5 {The position is equal.} 11. Nd5 $146 ({Predecessor:} 11. Nf4 e5 12. dxe5 Nxe5 13. c5 dxc5 14. Bxc5 Re8 15. Be2 Bh6 16. Rd1 c6 {0-1 (39) Zakharchenko,A (2255)-Fedorov,A (2600) St Petersburg 2009}) 11... bxc4 12. Rxc4 e6 13. Nxf6+ Bxf6 14. Bg5 Bxg5 15. hxg5 Rb8 16. Rc1 e5 17. d5 $1 {[%cal Rd5c6]} Na7 18. Nc3 Nb5 19. Bd3 Kg7 20. O-O f6 (20... c5 $14) 21. gxf6+ $16 Rxf6 22. Bxb5 (22. Ne2 $16) 22... axb5 $11 23. b4 Ra8 24. Rc2 Rf7 25. Rfc1 h4 26. Nd1 h3 27. Rxc7 Ra3 ({Black should try} 27... hxg2 $15 28. Qxg2 Bh3 29. Rxf7+ Kxf7) 28. R1c3 Rxc3 29. Rxc3 Qh4 30. Qf2 $36 {[%mdl 2048] White is more active.} Qg5 31. g3 {Strongly threatening Kh2.} Qh5 (31... Bg4 $1 $11 {keeps the balance.}) 32. Qe2 $16 h2+ (32... g5 $16 {was worth a try.}) 33. Qxh2 $18 Qg5 34. Qg2 Rf8 35. Rc7 Qd8 36. Qc2 $2 (36. Ra7 $18) 36... Rf7 $2 ({Better is} 36... Rxf3 $14 37. Rc3 Bg4) 37. Kg2 $4 {[%mdl 8192]} (37. Rc3 $18 {avoids the disaster.}) 37... Qh8 $4 {[%mdl 8192]} (37... Bh3+ $19 {and all is fine.} 38. Kxh3 Rxc7) 38. Nf2 Qb8 39. g4 Qb6 40. Nh3 Qe3 41. Rc3 Qd4 (41... Qh6 $142 42. Qc1 Qxc1 43. Rxc1 Be8) 42. Ng5 {Black must now prevent Rc7.} Re7 43. Rc7 {Rxd7! is the strong threat.} Kf6 $2 (43... Qe3 44. Nh3 Kf8) 44. Qc1 Qxb4 45. Nh3 (45. Kg3 $142 {Hoping for Qh1.} Kg7 46. Kh4) 45... Qa5 {[#]} (45... Kg7 $18 46. Ng5 Kf6) 46. Rb7 (46. Qh6 $142 $3 {[%mdl 512]} Qxa2+ 47. Kg3 Qd2 48. Qxd2 Kg7 49. Qb4 Rf7 50. Qxd6 Be8 51. Ng5) 46... Kg7 47. Qg5 (47. Kg3 $142) 47... Qd8 $2 {[#]} (47... Rf7 48. Qc1 Qxa2+ 49. Kg3 Qa8) 48. Qh4 (48. Rb8 $142 $1 {[%mdl 512]} Bc8 {[#]} (48... Qxb8 49. Qxe7+) 49. Rxc8 $1 {[%mdl 512]}) 48... Qa8 (48... Qf8 $18 49. Rb6 Re8) 49. Qxe7+ {[%mdl 64] Double Attack. White mates.} Kh6 50. Qg5+ Kg7 51. Rxd7+ {[%mdl 64] Double Attack. Accuracy: White = 33%, Black = 31%.} 1-0

[Event "European Blitz-ch 2018"]
[Site "Skopje"]
[Date "2018.12.06"]
[Round "5"]
[White "Demidov, Mikhail"]
[Black "Jenni, Florian"]
[Result "1-0"]
[WhiteElo "2520"]
[BlackElo "2454"]
[Annotator "TA"]
[PlyCount "55"]
[EventDate "2018.12.06"]
[EventType "swiss"]
[EventCountry "MKD"]

{[%evp 14,55,35,42,49,35,65,65,91,85,83,68,78,71,75,75,65,61,90,93,90,91,154,141,153,102,250,172,399,392,400,387,355,360,397,402,420,427,458,446,495,488,470,460]} 1. d4 Nf6 2. Bg5 e6 3. e4 h6 4. Bxf6 Qxf6 5. c3 d5 (5... d6 6. Bd3 g6 7. Ne2 Bg7 8. O-O O-O 9. f4 Qe7 10. e5 b6 11. Nd2 Bb7 12. Be4 Bxe4 13. Nxe4 Rd8 14. Qe1 {0-1 (62) Moiseenko,A (2667)-Wang,Y (2690) Riadh 2017}) 6. Nd2 {A45: Trompowsky Attack} Qd8 7. Ngf3 dxe4 8. Nxe4 {LiveBook: 3 Games. White is slightly better.} Nd7 9. Bc4 $146 ({Predecessor:} 9. Bd3 Be7 10. Qe2 Nf6 11. O-O-O c6 12. h4 Qa5 13. Kb1 {0-1 (33) Tomilova,E (2328)-Ivanova,K (2124) Sochi 2018}) 9... Nf6 10. Qe2 Be7 11. O-O-O c6 12. h4 b5 13. Bb3 a5 14. Ne5 Qc7 15. g4 {[%cal Bg2g4,Bg4g5][%mdl 32]} a4 16. Bc2 a3 17. b4 Nd5 ({Black should play} 17... Bb7) 18. g5 $16 Bb7 19. Bb3 (19. Qh5 $142 Bf8 20. Qf3) 19... h5 (19... O-O-O $16) 20. Qf3 f6 $2 {[#]} (20... Rf8 21. Qxh5 O-O-O) 21. Ng6 $18 O-O-O 22. Nxh8 Rxh8 23. gxf6 gxf6 24. Nc5 Bxc5 25. dxc5 ({Not} 25. bxc5 Qf4+ 26. Qxf4 Nxf4 $18) 25... Qg7 {White is clearly winning.} 26. Bxd5 cxd5 27. Rhg1 Qh6+ 28. Qe3 {Accuracy: White = 79%, Black = 25%.} 1-0

[Event "European Blitz-ch 2018"]
[Site "Skopje"]
[Date "2018.12.06"]
[Round "5"]
[White "Rusev, Krasimir"]
[Black "Studer, Noel"]
[Result "1/2-1/2"]
[WhiteElo "2520"]
[BlackElo "2494"]
[Annotator "TA"]
[PlyCount "165"]
[EventDate "2018.12.06"]
[EventType "swiss"]
[EventCountry "MKD"]

{[%evp 13,165,8,14,6,24,9,15,21,42,12,20,18,8,0,0,0,0,0,27,0,0,-13,0,4,17,0,0,-707,0,-697,-688,-715,-665,-681,-683,-714,33,29,153,142,144,148,271,289,687,687,687,687,1129,774,855,754,1108,1033,814,222,212,210,241,241,250,154,150,130,180,178,178,154,159,162,158,116,204,221,213,177,162,0,201,172,168,168,170,156,158,151,131,158,140,139,139,31,31,29,88,10,10,14,79,79,79,14,39,39,88,88,190,190,102,0,8,8,8,8,8,8,8,8,8,8,11,8,8,0,8,8,8,0,0,0,0,0,0,0,0,0,0,0,0,0,0,0,0,0,0,0,0,0,0,0,0,0,0,0]} 1. d4 d5 2. Bf4 e6 3. e3 Nf6 4. Nf3 Bd6 5. Bg3 O-O 6. c4 {D02: 1 d4 d5 2 Nf3 sidelines, including 2...Nf6 3 g3 and 2...Nf6 3 Bf4} (6. Nbd2 b6 7. c3 Ba6 8. Bxa6 Nxa6 9. Ne5 Nb8 10. f4 c5 11. Bh4 Be7 12. O-O Nfd7 13. Bxe7 Qxe7 14. Rf3 Nxe5 15. fxe5 {1-0 (29) Aronian,L (2767)-Giri,A (2782) chess.com INT 2018}) 6... c5 7. dxc5 Bxc5 {LiveBook: 3 Games} 8. Nc3 h6 $146 ({Predecessor:} 8... Nc6 9. a3 d4 10. Na4 Qa5+ 11. b4 Nxb4 12. axb4 Bxb4+ 13. Ke2 Ne4 {0-1 (28) De Wachter,M (2363)-Isaakidis,A (2112) Paleochora 2018}) 9. a3 Nc6 10. Qc2 Bd6 11. Rd1 Bxg3 12. hxg3 Qa5 13. Be2 dxc4 14. Bxc4 Bd7 15. O-O Rac8 16. Ba2 Rfd8 17. Bb1 Qh5 18. Ne4 {Black must now prevent Nxf6+.} Ng4 19. Nd6 $1 {[%csl LRb7,LRc8][%mdl 64] Double Attack} Nce5 20. Qh7+ Kf8 21. Qh8+ $2 {[%mdl 8192]} (21. Nh4 $11 Nf6 22. Qh8+ Ke7 23. Nxc8+ Rxc8 24. Rxd7+ (24. Qxg7 Rg8 $15) 24... Kxd7 25. Qxg7) 21... Ke7 $19 {( -> ...Nxf3+)} 22. Nxc8+ Rxc8 23. Rxd7+ Kxd7 24. Nxe5+ Nxe5 $2 (24... Ke7 $1 $19 {[%csl Gg4][%cal Rh5h2]} 25. Nxg4 Rxh8) 25. Qxg7 $14 Ng4 (25... Ke7 $11 {remains equal.}) 26. Rd1+ $16 Ke7 {And now ...Nxf2! would win.} 27. Qd4 $36 {[%mdl 2048] Hoping for Qd7+. White is in control.} Re8 (27... Nf6 $16 28. Qd6+ Ke8) 28. Be4 $18 b6 $2 (28... Qh2+ 29. Kf1 Qh5 30. Bxb7 Qb5+ 31. Kg1 Qxb7 32. Qxg4 Qxb2 33. Qh4+ Kf8 34. Qxh6+ Kg8) 29. Bf3 Qh2+ 30. Kf1 h5 31. Qd6+ Kf6 32. Qf4+ {[%mdl 64] Double Attack} Kg7 33. Qg5+ Kf8 34. Bxg4 $2 (34. Ke2 Re7 35. Qf4) 34... hxg4 35. Qxg4 {[%mdl 4096] Endgame KQR-KQR} Qh1+ 36. Ke2 Qxg2 37. Qf3 Qxf3+ 38. Kxf3 $16 {KR-KR} Ke7 39. Rc1 Kd7 40. Ke4 Rh8 41. g4 $1 Rh2 42. Rc2 Rh1 (42... f6 $16 {keeps fighting.} 43. Kf4 Rg2) 43. f4 $18 f6 44. Rg2 Ke7 45. Rc2 Kd7 $1 46. Rd2+ Ke7 47. Rg2 Rc1 48. g5 fxg5 49. fxg5 Rc4+ 50. Kd3 Rc5 51. e4 Kf7 52. g6+ (52. Rf2+ $1 $16 Kg6 53. Rf6+ {[%mdl 64] Double Attack} Kxg5 54. Rxe6) 52... Kg7 $14 53. Kd4 e5+ (53... Rb5 $11) 54. Ke3 (54. Kd3 $16) 54... Rc6 $11 55. Rg5 Rxg6 (55... Rc2 $11) 56. Rxe5 $16 {aiming for Re7+.} Kf6 57. Rd5 (57. Rh5 $16) 57... Ke6 58. Rd2 Rg3+ {[#]} 59. Kd4 $1 Rb3 {[#]} (59... Rg5 $16) 60. Kc4 $1 $18 {[%cal Rc4b3]} Re3 61. Kd4 ({White should try} 61. Kb5 $16) 61... Rb3 $1 $11 {The position is equal.} 62. Rh2 a5 $1 {[%cal Ba7a5,Ba5a4][%mdl 32]} 63. Kc4 a4 $1 64. Kd4 Kd6 65. e5+ Ke7 66. Kd5 Rb5+ 67. Ke4 Rb3 68. Rh7+ Ke6 69. Rh6+ Ke7 70. Kd5 Rb5+ 71. Ke4 Rxb2 72. Rh7+ Ke6 73. Rh6+ Ke7 74. Kf5 Rf2+ 75. Ke4 Rb2 76. Kd5 Rb5+ 77. Kd4 Rb3 78. Rh7+ Ke6 79. Rh6+ Ke7 80. Kd5 Rb5+ 81. Kd4 Rb3 82. Kd5 Rb5+ 83. Kd4 {Accuracy: White = 49%, Black = 45%.} 1/2-1/2

[Event "European Blitz-ch 2018"]
[Site "Skopje"]
[Date "2018.12.06"]
[Round "5"]
[White "Ruck, Robert"]
[Black "Jankovic, Alojzije"]
[Result "1-0"]
[WhiteElo "2512"]
[BlackElo "2557"]
[Annotator "TA"]
[PlyCount "107"]
[EventDate "2018.12.06"]
[EventType "swiss"]
[EventCountry "MKD"]

{[%evp 9,107,32,60,53,57,54,57,53,38,13,62,33,37,-8,29,-19,70,0,0,-12,35,11,34,15,73,56,85,74,94,-18,49,-5,42,56,75,33,58,13,6,0,0,-8,13,-46,-33,-37,-17,-39,28,0,29,8,70,48,56,9,12,18,25,0,0,0,0,-5,-4,-47,-47,-49,-38,-55,0,0,64,50,80,81,118,16,20,25,195,0,190,206,808,807,772,779,792,782,1016,990,1032,993,29969,29973,29971,29973,6810,6792]} 1. Nf3 d6 2. d4 Nf6 3. g3 g6 4. Bg2 c6 (4... Bg7 5. c4 O-O 6. Nc3 Nbd7 7. O-O e5 8. e4 c6 9. h3 Qb6 10. Re1 exd4 11. Nxd4 Re8 12. Nc2 Ne5 13. b3 Be6 14. Ne3 Nfd7 15. Bb2 Nc5 16. Bf1 Bxh3 17. Bxh3 Ned3 18. Qc2 Nxb2 19. Bf1 Re6 20. Rab1 {0-1 (66) Van Wely,L (2642)-Adhiban,B (2668) Batumi 2018}) 5. O-O b5 6. Nbd2 {A46: 1 d4 Nf6 2 Nf3 e6: Torre, London and Colle Systems} Bg7 7. e4 $146 {[%cal Be2e4,Be4e5][%mdl 32]} ({Predecessor:} 7. c4 a6 8. e4 d5 9. exd5 cxd5 10. c5 Ne4 11. Nxe4 dxe4 {1-0 (27) Olesen,M-Campeau,J Hoevelte 2003}) 7... O-O 8. Re1 {White is slightly better.} a5 9. c3 Na6 10. e5 Nd5 11. Qe2 Nac7 12. Ne4 h6 (12... a4 $11) 13. h3 (13. a4 $1 $14) 13... a4 $11 14. Bd2 Ba6 15. Qd1 Ne6 16. Qc1 Kh7 (16... g5 $11 {remains equal.}) 17. Qc2 Qd7 18. h4 Kg8 19. Bh3 (19. Qc1 $16) 19... Bc8 (19... Nxd4 $11 20. cxd4 (20. Bxd7 Nxc2 21. Bxc6 {[%mdl 64] Double Attack} dxe5 $11) 20... Qxh3) 20. Rad1 (20. Qc1 $14) 20... Qd8 21. Bg2 Nec7 22. Nh2 Nb6 23. exd6 exd6 24. Bf4 Ne8 25. Qc1 Kh7 26. Qc2 (26. h5 $11) 26... Nd5 $15 27. Bc1 Kg8 (27... f5 $5 {[%cal Rf5e4]} 28. Nd2 Nec7 $15) 28. Re2 Nef6 (28... Nec7 $15) 29. Rde1 Nxe4 30. Bxe4 Qf6 (30... a3 $11) 31. Bxd5 cxd5 32. Bf4 g5 33. hxg5 hxg5 34. Bd2 Bf5 35. Qc1 $36 {[%mdl 2048] White has some pressure.} g4 36. Bf4 Qg6 37. Re7 Be4 38. Qd1 f5 39. Qe2 $1 Rae8 ({Black should try} 39... b4 $15) 40. Rxe8 $11 Rxe8 (40... Qxe8 $11 41. f3 (41. Bxd6 Rf6 $11) 41... gxf3 42. Nxf3 a3) 41. Qxb5 $14 Qh5 42. Qxa4 Bf8 43. Qb5 (43. Qd7 $16) 43... Re7 $11 44. Rxe4 dxe4 $2 {[#]} (44... fxe4 $11 45. c4 Rh7 46. Qxd5+ Qxd5 47. cxd5 Bg7) 45. Qc4+ $2 ({Only move:} 45. Bxd6 $18 Rh7 46. Qc4+ Qf7 47. Qc8) 45... Kh8 $2 (45... Qf7 $11 {and Black stays safe.} 46. Qc8 Re8) 46. Bxd6 $18 Rh7 $2 (46... Re8) 47. Be5+ Rg7 48. Nf1 f4 49. gxf4 e3 50. Nxe3 g3 51. Bxg7+ Bxg7 52. Qc8+ Kh7 53. Qf5+ Qxf5 54. Nxf5 {Accuracy: White = 41%, Black = 26%.} 1-0

[Event "European Blitz-ch 2018"]
[Site "Skopje"]
[Date "2018.12.06"]
[Round "5"]
[White "Ivic, Velimir"]
[Black "Nenezic, Marko"]
[Result "1-0"]
[WhiteElo "2497"]
[BlackElo "2515"]
[Annotator "TA"]
[PlyCount "83"]
[EventDate "2018.12.06"]
[EventType "swiss"]
[EventCountry "MKD"]

{[%evp 24,83,18,14,43,37,56,26,27,18,14,12,25,18,13,20,31,21,143,155,162,156,218,223,290,286,277,243,254,216,218,181,195,-12,68,34,103,40,19,-6,-6,-6,-6,-8,-7,-12,8,-918,-916,-1112,-1080,-1106,-1075,-1004,-941,-1255,-960,-914,-755,-1041,29989,29990]} 1. e4 c5 2. Nf3 Nc6 3. d4 cxd4 4. Nxd4 Nf6 5. Nc3 e5 6. Ndb5 d6 7. Nd5 Nxd5 8. exd5 Nb8 {[%cal Bc6b8,Bb8d7,Bd7f6][%mdl 32]} 9. a4 Be7 10. Be2 O-O 11. O-O {B33: Sicilian: Pelikan and Sveshnikov Variations} Nd7 12. Bd2 f5 (12... a6 13. Na3 a5 14. Nc4 b6 15. f4 Ba6 16. Ne3 Bb7 17. Bc3 g6 18. Bb5 Ba6 19. Bxd7 Qxd7 {1-0 (53) Oparin,G (2602)-Gelfand,B (2697) Moscow 2017}) 13. a5 {LiveBook: 4 Games. The position is equal.} Nf6 {[#]} 14. c4 $146 ({Predecessor:} 14. Be3 Bd7 15. Nxa7 f4 16. Bb6 Qe8 17. f3 Bd8 18. c4 Bxb6+ 19. axb6 {½-½ (26) Huschenbeth,N (2571)-Hracek,Z (2582) Le Castella 2018}) 14... f4 15. f3 Bf5 16. Be1 a6 17. Nc3 Rc8 18. Bd3 Bxd3 19. Qxd3 Qc7 20. b3 b6 {[#]} (20... g5 $11) 21. axb6 $1 $16 Qxb6+ 22. Bf2 Qxb3 (22... Qb7 $16 23. c5 dxc5) 23. c5 $1 $18 e4 24. fxe4 Ng4 25. Rfb1 {[%mdl 64] [#] Trapped Piece} ({Stronger than} 25. Rxa6 Nxf2 26. Rxf2 Bf6 $15) 25... Ne5 26. Qd2 ({Weaker is} 26. Rxa6 Nxd3 27. Rxb3 Nxc5 $11) 26... Qc4 27. c6 Rb8 28. Rd1 $2 (28. Qd4 $18) 28... Rb3 (28... Bf6 $1 $11) 29. Rac1 Qb4 ({Black should try} 29... Bf6 $14) 30. Qd4 (30. Bd4 $16 {aiming for Bxe5.} f3 31. Nb1 f2+ 32. Bxf2) 30... Qa3 $14 {Hoping for ...Bf6.} 31. c7 {Black must now prevent Nb1.} Rc8 $1 $36 {[%cal Rc8c7][%mdl 2048] Black has the initiative.} 32. Ne2 f3 33. Nf4 $1 fxg2 34. Kxg2 Rb2 {And now ...Qf3+ would win.} 35. Rd2 $2 {[%mdl 8192]} (35. Nd3 $11 Nxd3 36. Qxd3 Qxd3 37. Rxd3) 35... Qf3+ $19 {[%mdl 64] Double Attack} 36. Kg1 Qxf4 37. Qxb2 Nf3+ {[%mdl 64] Double Attack} 38. Kg2 Nxd2 39. Qb8 Qg4+ 40. Bg3 Nxe4 {Strongly threatening ...Qe2+.} 41. Rc4 Nc5 $4 {[%mdl 8192]} (41... Bg5 $19 42. Qb2 Rf8) 42. Rxg4 {Accuracy: White = 49%, Black = 31%.} 1-0